| 000 | 00478cam a2200169ua 4500 | ||
|---|---|---|---|
| 020 |
_a0-87692-244-2 _c49.00 |
||
| 041 |
_aeng _h |
||
| 082 |
_a530.11 _bBER/IN |
||
| 100 | _aBergmann, Peter Gabriel . | ||
| 245 |
_aIntroduction to the theory of relativity / _cPeter Gabriel Bergmann. _hTextual Documents |
||
| 260 |
_aNew Delhi : _bPrentice Hall of India Pvt Ltd. , _c1987. |
||
| 300 | _a287 ; . | ||
| 365 | _a49.00 | ||
| 504 | _a | ||
| 942 | _cBK | ||
| 999 |
_c7064 _d7064 |
||